00600nam a2200145 a 450000100100000000500170001000800410002704000250006810000380009324500810013126000810021230000390029395201050033299900170043700003993520201002033822.0130730s2009 dr a 000 0 spa d aDO-SdBNPbspacBNPHU1 aPeña Defilló, Fernando93797610aFernando Peña Defilló :bel eterno retorno /cFernando Peña Defilló. aSantiago de los Caballeros , República Dominicana :bCentro León,c2009. a181 p. :bil., láminas ;c30 cm. 0010718PDaPDbPDcCTd2013-07-30iLF1l0o p39935-10r2020-06-25w2020-06-25yLFPDZNo se presta c39425d39425